00803 2200217 4500001002100000005001500021008004100036020001500077035001900092041000800111082001100119084001700130100001700147245004000164260003300204300003300237500002300270504001400293520026400307650001400571INLIS00000000000009720200508200703200508||||||||| | ||| |||| ||eng|| a0071444297 0010-0520000097 aeng0 a001.01 a001.01/BAG/T0 aPhil Baguley00aTeach Yourself : Project Management aNew YorkbMc Graw Hillc1999 axii, 180p.b:illus.;c20 cm. aIndeks : p.175-178 ap.170-174 aProject Management is a practical introduction to this essential skill. It shows you how to plan and organize your projects from start to finish, create an effective project team, manage your budgets, solve problems and monitor the activities of your project. 0aManajemen